000
00299nam a22001217a 4500
082
_a
823
_b
BLY/T
100
_a
BLYTON, ENID
245
_a
TOYTOWN STORIES - TUBBY BEAR AND DECORATING
260
_a
UNITED KINGDOM
_b
COLLINS
_c
1997
300
_a
12
650
_a
ENGLISH STORY
_z
UNITED KINGDOM
942
_c
BK
999
_c
7490
_d
7490